000 00361pab a2200157 454500
008 180718b2014 xxu||||| |||| 00| 0 eng d
100 _aKonwar, B K
245 _aEconomic sustainability of the Himalayan ecosystem
260 _c2014
300 _ap.52-56.
362 _aJan
650 _aEcosystems
773 _aYojana
908 _aN
909 _a103370
999 _c103366
_d103366